000 00389nam a22001577a 4500
020 _a81-7011-169-2
082 _a823
_bMIN/M
100 _aMINOCHA, V.P
245 _aMORE SHORT STORIES FOR CHILDREN
_bSHORT STORY
246 _aMORE SHORT STORIES FOR CHILDREN
_bSHORT STORY
260 _bCBT PUBLICATION
300 _a110
520 _aSHORT STORY
650 _aSHORT STORY
942 _cBK
999 _c2787
_d2787